<?xml version="1.0" encoding="UTF-8"?>
<record
    xmlns:xsi="http://www.w3.org/2001/XMLSchema-instance"
    xsi:schemaLocation="http://www.loc.gov/MARC21/slim http://www.loc.gov/standards/marcxml/schema/MARC21slim.xsd"
    xmlns="http://www.loc.gov/MARC21/slim">

  <leader>01678nam a22002775a 4500</leader>
  <controlfield tag="005">20160327145311.0</controlfield>
  <controlfield tag="008">160327s2000    nyub   frb    001 0 eng d</controlfield>
  <datafield tag="020" ind1=" " ind2=" ">
    <subfield code="a">9780801486913</subfield>
  </datafield>
  <datafield tag="040" ind1=" " ind2=" ">
    <subfield code="a">EG-ScBUE</subfield>
    <subfield code="b">eng</subfield>
    <subfield code="c">EG-ScBUE</subfield>
  </datafield>
  <datafield tag="043" ind1=" " ind2=" ">
    <subfield code="a">f-sg---</subfield>
  </datafield>
  <datafield tag="082" ind1="0" ind2="4">
    <subfield code="a">320.9663</subfield>
    <subfield code="b">SCH</subfield>
    <subfield code="2">22</subfield>
  </datafield>
  <datafield tag="100" ind1="1" ind2=" ">
    <subfield code="a">Schaffer, Frederic Charles.</subfield>
    <subfield code="9">39507</subfield>
  </datafield>
  <datafield tag="245" ind1="1" ind2="0">
    <subfield code="a">Democracy in translation :</subfield>
    <subfield code="b">understanding politics in an unfamiliar culture /</subfield>
    <subfield code="c">Frederic C. Schaffer.</subfield>
  </datafield>
  <datafield tag="250" ind1=" " ind2=" ">
    <subfield code="a">1st printing.</subfield>
  </datafield>
  <datafield tag="260" ind1=" " ind2=" ">
    <subfield code="a">Ithca ;</subfield>
    <subfield code="a">London :</subfield>
    <subfield code="b">Cornell University Press,</subfield>
    <subfield code="c">2000.</subfield>
  </datafield>
  <datafield tag="300" ind1=" " ind2=" ">
    <subfield code="a">xvii, 168 p. :</subfield>
    <subfield code="b">map ;</subfield>
    <subfield code="c">23 cm.</subfield>
  </datafield>
  <datafield tag="490" ind1="0" ind2=" ">
    <subfield code="a">Wilder House series in politics, history, and culture</subfield>
  </datafield>
  <datafield tag="500" ind1=" " ind2=" ">
    <subfield code="a">Index : p. 163-168.</subfield>
  </datafield>
  <datafield tag="504" ind1=" " ind2=" ">
    <subfield code="a">Bibliography : p. 147-161.</subfield>
  </datafield>
  <datafield tag="520" ind1=" " ind2=" ">
    <subfield code="a">"Frederic C. Schaffer challenges the assumption often made by American scholars that democracy has been achieved in foreign countries when criteria such as free elections are met. Elections, he argues, often have cultural underpinnings that are invisible to outsiders. To examine grass-roots understandings of democratic institutions and political concepts, Schaffer conducted fieldwork in Senegal, a mostly Islamic and agrarian country with a long history of electoral politics. Schaffer discovered that ideas of demokaraasi held by Wolof-speakers often reflect concerns about collective security. Many Senegalese see voting as a matter less of choosing leaders than of reinforcing community ties that may be called upon in times of crisis."</subfield>
  </datafield>
  <datafield tag="650" ind1=" " ind2="7">
    <subfield code="a">Democracy </subfield>
    <subfield code="z">Senegal.</subfield>
    <subfield code="2">BUEsh</subfield>
    <subfield code="9">39510</subfield>
  </datafield>
  <datafield tag="650" ind1=" " ind2="7">
    <subfield code="a">Democracy </subfield>
    <subfield code="v">Cross-cultural studies.</subfield>
    <subfield code="2">BUEsh</subfield>
    <subfield code="9">39512</subfield>
  </datafield>
  <datafield tag="651" ind1=" " ind2=" ">
    <subfield code="2">BUEsh</subfield>
  </datafield>
  <datafield tag="653" ind1=" " ind2=" ">
    <subfield code="b">BUSBOL</subfield>
    <subfield code="c">March2016</subfield>
  </datafield>
  <datafield tag="942" ind1=" " ind2=" ">
    <subfield code="2">ddc</subfield>
  </datafield>
  <datafield tag="999" ind1=" " ind2=" ">
    <subfield code="c">21511</subfield>
    <subfield code="d">21483</subfield>
  </datafield>
  <datafield tag="952" ind1=" " ind2=" ">
    <subfield code="0">0</subfield>
    <subfield code="1">0</subfield>
    <subfield code="2">ddc</subfield>
    <subfield code="4">0</subfield>
    <subfield code="7">0</subfield>
    <subfield code="8">Baccah</subfield>
    <subfield code="a">MAIN</subfield>
    <subfield code="b">MAIN</subfield>
    <subfield code="c">1ST</subfield>
    <subfield code="d">2016-03-27</subfield>
    <subfield code="e">Purchase</subfield>
    <subfield code="g">220.00</subfield>
    <subfield code="h">22690</subfield>
    <subfield code="l">1</subfield>
    <subfield code="m">34</subfield>
    <subfield code="o">320.9663 SCH</subfield>
    <subfield code="p">000032160</subfield>
    <subfield code="r">2025-07-15 00:00:00</subfield>
    <subfield code="s">2016-10-09</subfield>
    <subfield code="v">275.00</subfield>
    <subfield code="y">BB</subfield>
  </datafield>
</record>
